00512nam a2200193 a 4500001001300000003000900013005001700022008004100039020001200080082001300092100002100105245005700126260003200183300000900215500003500224505001000259650002800269700002100297nice12345678IN_TiNIC20260116011534.0050524s1940 lona grp 000 0 eng  ac262.800a242bJAM aJames, Francis B aStill With Theeb Thoughts and Prayer for Quiet Hour aLondonbEpworth Pressc1940 a142p aincludes index and biblioraphy2 aIndex aMeditation-Christianity1 aJames, Francis B